[Event "RUS-chT Blitz Men 2018"]
[Site "Sochi"]
[Date "2018.10.10"]
[Round "15"]
[White "Terzyan, Nazar"]
[Black "Moiseenko, Vadim"]
[Result "0-1"]
[WhiteElo "1757"]
[BlackElo "2492"]
[Annotator "TA"]
[PlyCount "36"]
[EventDate "2018.10.10"]
[EventType "swiss"]
[EventCountry "RUS"]
[SourceTitle "playchess.com"]
[Source "ChessBase"]
[SourceQuality "1"]

{[%evp 14,36,21,8,13,0,0,0,62,-41,-19,-119,-107,-332,-321,-418,-418,-424,-428,-460,-456,-29992,-1193,-29993,-29994]} 1. e4 e5 2. Nc3 Bc5 3. Nf3 d6 4. Bc4 Nf6 5. d3 Bg4 6. h3 Bh5 7. O-O Nc6 8. g4 Nxg4 {C50: Hungarian Defence and Giuoco Pianissimo} (8... Bg6 9. Bg5 Ne7 10. Bxf6 gxf6 11. Na4 h5 12. Nxc5 dxc5 13. g5 Qd6 14. h4 O-O-O 15. a3 fxg5 16. Nxg5 {0-1 (63) Chura,J (2220)-Vechet,S (2255) Czechia 1995}) 9. hxg4 Bxg4 {aiming for ...Qf6.} 10. Be3 Bd4 $146 (10... Nd4 $11 11. Bxd4 exd4) ({Predecessor:} 10... O-O 11. Nd5 Nd4 12. Bxd4 Bxd4 13. c3 c6 14. cxd4 cxd5 15. Bxd5 exd4 16. Rc1 {0-1 (23) Lange,A (866)-Heutling,E (972) Magdeburg 2014}) 11. Nb5 (11. Kg2 $14) 11... a6 $15 12. Nbxd4 (12. Nc3 $1 $11) 12... exd4 $17 13. Bg5 $2 {[#]} (13. Bxf7+ $17 Kxf7 14. Ng5+ Qxg5 15. Bxg5 Bxd1 16. Raxd1) 13... f6 $1 $19 {[%cal Rf6g5]} 14. Bh4 Ne5 15. Nxe5 Bxd1 16. Nf7 {[#]} Qd7 $1 {[%mdl 512] ( -> ...Bf3!)} 17. Nxh8 (17. Raxd1 $19 Rf8 18. Nxd6+ Qxd6 19. f4) 17... Bf3 (17... Qg4+ $142 18. Bg3 Bf3 19. Bf7+ Ke7 20. Kh2 Rxh8 21. Rg1 Kxf7 22. Rg2 Bxg2 23. Kxg2 Qe2 24. b3 Qxc2 25. Re1 Qxd3 26. Rf1 h5 27. Bh2 h4 28. Kg1 Qf3 29. Re1 h3 30. Kf1 d3 31. Rc1 d2 32. Rxc7+ Kg6 33. Rxg7+ Kxg7 34. Bxd6 d1=Q#) 18. Kh2 Qg4 {Precision: White =  8%, Black = 65%.} 0-1

[Event "RUS-chT Blitz Men 2018"]
[Site "Sochi"]
[Date "2018.10.10"]
[Round "15"]
[White "Kharitonov, Egor"]
[Black "Yuffa, Daniil"]
[Result "1-0"]
[WhiteElo "1686"]
[BlackElo "2563"]
[Annotator "TA"]
[PlyCount "93"]
[EventDate "2018.10.10"]
[EventType "swiss"]
[EventCountry "RUS"]
[SourceTitle "playchess.com"]
[Source "ChessBase"]
[SourceQuality "1"]

{[%evp 15,93,67,75,8,97,77,90,68,81,31,39,22,29,27,141,143,139,145,230,225,295,268,331,308,366,360,347,354,387,361,376,355,333,336,347,265,364,335,419,410,377,392,460,479,491,419,572,573,565,553,612,556,627,622,657,654,730,708,816,773,1301,1266,1334,1326,1353,1450,1911,1890,2077,1920,2107,1428,29986,29987,29990,29991,29991,29977,29990,29990]} 1. d4 Nf6 2. c4 c5 3. d5 g6 4. Nc3 Bg7 5. e4 d6 6. Bd3 O-O 7. h3 e6 8. Nf3 Na6 9. a3 {E90: King's Indian: Classical: Early deviations and 6 h3} ({White should play} 9. O-O $16) (9. Be3 Re8 10. O-O Nc7 11. a4 Na6 12. Nd2 Nb4 13. Be2 b6 14. Qb3 a6 15. Rae1 Ra7 16. Qd1 Rae7 {½-½ (35) Adhiban,B (2671)-Ponomariov,R (2686) Linares 2018}) 9... Bd7 (9... exd5 $1 $11 {keeps the balance.} 10. exd5 (10. cxd5 c4 $14) 10... Re8+ 11. Be3 Nc7) 10. O-O $16 e5 11. Be2 $146 {White is better.} ({Predecessor:} 11. Rb1 h6 12. Bc2 Ne8 13. Ba4 f5 14. Bxd7 Qxd7 15. Nh4 Qf7 16. exf5 gxf5 17. f4 e4 {½-½ (80) Petkov,V (2456)-Kojovic,D (2389) Vrnjacka Banja 2009}) 11... Nh5 12. Ne1 Nf4 13. Bg4 f5 14. Bf3 Qh4 {[#]} (14... Nc7 $11) 15. g3 $1 $36 {[%cal Rg3h4][%mdl 2048] White is in control.} Nxh3+ 16. Kg2 Qe7 (16... Nxf2 $16 17. Rxf2 (17. gxh4 Nxd1 18. Bxd1 f4 $16) 17... Qe7) 17. Kxh3 $18 fxe4+ 18. Bg4 Bf5 19. Kg2 Qd7 20. Bxf5 gxf5 21. Qh5 Qf7 22. Qxf7+ Rxf7 23. Nc2 Nc7 24. Bd2 a6 25. b4 b6 26. bxc5 bxc5 27. Rab1 Ne8 28. Rb6 Rd8 29. Rfb1 Nf6 30. Rb8 Rff8 31. Rxd8 Rxd8 32. Bg5 Rf8 33. Bxf6 Bxf6 34. Rb6 Be7 35. Rxa6 Rb8 36. Nb5 Rd8 37. Ra7 Bf8 38. a4 {[%cal Ba3a4,Ba4a5,Ba5a6][%mdl 32]} f4 39. a5 Bh6 40. a6 Rf8 41. Nxd6 e3 42. fxe3 fxe3 43. Rc7 e2 44. Rc8 {White mates.} Bd2 45. Rxf8+ Kxf8 46. Kf2 Ba5 47. a7 {Precision: White = 76%, Black = 20%.} 1-0